Statistiques concernant Pays bordant la Mer du Nord

Cliquez ici pour prendre le quiz!

Statistiques générales

  • Ce quiz a été pris 80 fois
  • Le résultat moyen est 7 sur 7

Statistiques - réponses

Pays% Correct
Belgique
96%
Norvège
96%
France
94%
Pays-Bas
94%
Royaume-Uni
94%
Danemark
93%
Allemagne
87%

Distribution des résultats

Percentile par nombre de réponses

% des personnes avec chaque résultat

Votre développement - résultats

Vous n’avez pas pris ce quiz